| 000 | 00428cam a22001812a 4500 | ||
|---|---|---|---|
| 001 | 009804 | ||
| 003 | AR-FADEU | ||
| 008 | 311216n1952####xxu####################dd | ||
| 092 |
_aA863.44 _bA676 _eBLYNK |
||
| 100 | _aArdiles Gray, Julio | ||
| 245 | _aElegia | ||
| 260 | _aBuenos Aires | ||
| 260 | _bJano | ||
| 260 | _c1952 | ||
| 300 | _a127 p | ||
| 650 | _aLITERATURA-ARGENTINA; NOVELAS-ARGENTINA/BLYNK/ | ||
| 942 | _cBLYNK | ||
| 999 |
_c15600 _d15600 |
||